000 01923nam a2200337 i 4500
001 000040661
003 DO-SdBNP
005 20250730102544.0
007 ta
008 130905s2002 dr 000 0 spa d
020 _a9993449016
040 _aDO-SdBNP
_bspa
_cDO-SdBNP
_erda
041 _aspa
082 4 _aRD863.44
_bP426c 2002
_222
100 1 _aPeralta Romero, Rafael,
_d1948-
_eautor
_4aut.
_979774
245 1 0 _aCuentos de visiones y delirios /
_cRafael Peralta Romero.
250 _aSegunda edición
264 4 _aSanto Domingo, República Dominicana :
_bEditorial Gente,
_c©2002.
300 _a129 páginas ;
_c22 cm.
336 _atexto
_btxt
_2rdacontent
337 _asin mediación
_bn
_2rdamedia
338 _avolumen
_bnc
_2rdacarrier
500 _aIncluye datos biográficos del autor en la solapa de la cubierta
505 _aPresentación, Cesar Mella Mejías, 5 -- Segunda fase de la creación, 11 -- Argelia y la alergia, 19 -- Sensación, 27 -- Flores se han de volver, 29 -- Dizque diez peso de agua, 39 -- La Novelera, 45 -- Pescador invisible, 49 -- Ama su vientre como tesoro, 53 -- Historia del hombre tocado por el diablo, 57 -- La Virgen Viva, 63 -- Suicida I, 67 -- Suicida II, 69 -- La causa de su desgracia, 71 -- Primera confesión, 73 -- ¡Perfecto!, 75 -- Historia del hombre que se niega a ser rico,79 -- Cuche/Ñeco, 85 -- La canoa enviada, 91 -- Piñón santo, 95 -- Memorias de la secretaria, 99 -- Los duendes, 109 -- Maravilla, 119
520 _aLos cuentos de visiones y delirios constituyen la recreación de las creencias mágico-religiosas de los dominicanos, retratadas dentro de los escenarios cotidianos donde se construye la cultura en base a creencias y tradiciones.
590 _aInventariado, 2020/VM
650 4 _aCuentos dominicanos
_9176
650 4 _aLiteratura dominicana.
_967
910 _aVMateo.Validado. Control de calidad MFF
942 _2ddc
_cLBS1
999 _c40151
_d40151